000 00388nam a22001697a 4500
003 OSt
005 20231107044709.0
008 231012b |||||||| |||| 00| 0 eng d
020 _a978-93-94107-01-4
040 _cIIMT UNIVERSITY
100 _aPANDAY SANJEEV
245 _aADVANCED BOTANY
250 _a1 ED
260 _aKOLKATA BOOK ALIDE
_c2022
300 _a703
942 _2ddc
_c03
999 _c57399
_d57399